01101cam a22002414a 4500020002800000020002300028020002700051040000800078082002600086245021300112260007800325300009100403650001600494650001400510650001600524650003000540650002800570710005000598856005800648942000700706999001700713952012900730 a0896296504 (alk. paper) a0896297322 (CDROM) a0896297330 (videodisc) cDLC00a338 INT 2004 C155 Or.00aAssuring food and nutrition security in Africa by 2020 :bprioritizing actions, strengthening actors, and facilitating partnerships : proceedings of an all-Africa conference, Kampala, Uganda, April 1-3, 2004. aWashington, D.C. :bInternational Food Policy Research Institute,cc2004. axiii, 279 p. :bill., maps ;c28 cm. +e1 CD-ROM (4 3/4 in.) + 1 videodisc (4 3/4 in.) 0aFood supply 0aNutrition 0aFood relief 0aAgricultural productivity 0aSustainable development2 aInternational Food Policy Research Institute.41uhttp://www.loc.gov/catdir/toc/ecip055/2004029480.html cEK c18799d18799 0010406338_000000000000000_INT_2004_C155_OR70983334aLBCbLBCd2020-01-27eA33163o338 INT 2004 C155 Or.r2020-01-27yEK